000 00638nam a2200229Ia 4500
003 OSt
005 20221005051351.0
006 a|||||r|||| 00| 0
007 ta
008 221004b |||||||| |||| 00| 0 eng d
024 _a29799
037 _cTextual
040 _aCRL
_cCRL
_beng
041 _2eng
_aeng
082 _aL:46:(P111:4k), L7
245 0 _aDictionary of nutrition
_b A consumer's guide to the facts of food By Sheila Bingham
260 _aLondon
_bBarrie and Jenkins
_c1977
300 _a319p
_ccm.
650 _aMEDICINE
942 _hL:46:(P111:4k), L7
_cTEXL
_2cc
999 _c958674
_d958674